[Event "181st Stay Safe Play From Home series"]
[Site "T#646401Emanuel Laske"]
[Date "2020.05.28"]
[Round "2"]
[White "Praveen Prasad"]
[Black "Lamborghini"]
[Result "0-1"]
[WhiteElo "2275"]
[BlackElo "2195"]
[PlyCount "140"]
[EventDate "2020.05.28"]
[EventType "swiss (blitz)"]

1. e4 {[%emt 0:00:03]} g6 {[%emt 0:00:01]} 2. d4 {[%emt 0:00:01]} Bg7 {[%emt 0:00:00]} 3. Nc3 {[%emt 0:00:01]} c5 {[%emt 0:00:00]} 4. Nf3 {[%emt 0:00:01]} cxd4 {[%emt 0:00:01]} 5. Nxd4 {[%emt 0:00:00]} Nc6 {[%emt 0:00:00]} 6. Nxc6 {[%emt 0:00:01]} dxc6 {[%emt 0:00:01]} 7. Qxd8+ {[%emt 0:00:02]} Kxd8 {[%emt 0:00:01]} 8. Bd2 {[%emt 0:00:01]} Be6 {[%emt 0:00:02]} 9. O-O-O {[%emt 0:00:00]} Ke8 {[%emt 0:00:02]} 10. Kb1 {[%emt 0:00:01]} Nf6 {[%emt 0:00:02]} 11. f3 {[%emt 0:00:01]} Nd7 {[%emt 0:00:01]} 12. Be2 {[%emt 0:00:00]} h5 {[%emt 0:00:01]} 13. Rhe1 {[%emt 0:00:03]} Nb6 {[%emt 0:00:01]} 14. b3 {[%emt 0:00:02]} Rd8 {[%emt 0:00:02]} 15. Kc1 {[%emt 0:00:01]} h4 {[%emt 0:00:02]} 16. Nb1 {[%emt 0:00:01]} Nd7 {[%emt 0:00:03]} 17. Bc3 {[%emt 0:00:01]} Bxc3 {[%emt 0:00:01]} 18. Nxc3 {[%emt 0:00:00]} g5 {[%emt 0:00:01]} 19. Kb2 {[%emt 0:00:01]} Ne5 {[%emt 0:00:01]} 20. h3 {[%emt 0:00:03]} Rxd1 {[%emt 0:00:02]} 21. Rxd1 {[%emt 0:00:01]} Ng6 {[%emt 0:00:00]} 22. Na4 {[%emt 0:00:01]} b6 {[%emt 0:00:02]} 23. Bf1 {[%emt 0:00:02]} Nf4 {[%emt 0:00:01]} 24. Rd2 {[%emt 0:00:01]} Bd7 {[%emt 0:00:01]} 25. c4 {[%emt 0:00:01]} Rh6 {[%emt 0:00:01]} 26. Nc3 {[%emt 0:00:01]} Rd6 {[%emt 0:00:02]} 27. Kc2 {[%emt 0:00:01]} Rxd2+ {[%emt 0:00:02]} 28. Kxd2 {[%emt 0:00:00]} e6 {[%emt 0:00:01]} 29. Ke3 {[%emt 0:00:00]} c5 {[%emt 0:00:01]} 30. Kd2 {[%emt 0:00:02]} Ke7 {[%emt 0:00:01]} 31. Ke1 {[%emt 0:00:01]} Kf6 {[%emt 0:00:01]} 32. Kf2 {[%emt 0:00:00]} Ke5 {[%emt 0:00:01]} 33. Ke3 {[%emt 0:00:00]} f5 {[%emt 0:00:01]} 34. exf5 {[%emt 0:00:02]} exf5 {[%emt 0:00:01]} 35. Nd1 {[%emt 0:00:00]} Bc6 {[%emt 0:00:01]} 36. Nb2 {[%emt 0:00:01]} Ne6 {[%emt 0:00:01]} 37. Nd3+ {[%emt 0:00:01]} Kf6 {[%emt 0:00:01]} 38. b4 {[%emt 0:00:00]} f4+ {[%emt 0:00:01]} 39. Kd2 {[%emt 0:00:01]} cxb4 {[%emt 0:00:01]} 40. Nxb4 {[%emt 0:00:00]} Bd7 {[%emt 0:00:01]} 41. Nd5+ {[%emt 0:00:01]} Ke5 {[%emt 0:00:00]} 42. Bd3 {[%emt 0:00:01]} Nc5 {[%emt 0:00:01]} 43. Nc7 {[%emt 0:00:01]} Bc6 {[%emt 0:00:02]} 44. Bc2 {[%emt 0:00:04]} Kd4 {[%emt 0:00:01]} 45. Bb3 {[%emt 0:00:02]} a5 {[%emt 0:00:01]} 46. Nb5+ {[%emt 0:00:02]} Bxb5 {[%emt 0:00:01]} 47. cxb5 {[%emt 0:00:00]} a4 {[%emt 0:00:00]} 48. Bf7 {[%emt 0:00:01]} Nd7 {[%emt 0:00:01]} 49. Be8 {[%emt 0:00:01]} Ne5 {[%emt 0:00:01]} 50. Bc6 {[%emt 0:00:00]} a3 {[%emt 0:00:00]} 51. Be8 {[%emt 0:00:00]} Nc4+ {[%emt 0:00:01]} 52. Ke2 {[%emt 0:00:02]} Ne3 {[%emt 0:00:00]} 53. Bf7 {[%emt 0:00:00]} Nxg2 {[%emt 0:00:01]} 54. Kf2 {[%emt 0:00:00]} Ne3 {[%emt 0:00:00]} 55. Bb3 {[%emt 0:00:00]} Nd1+ {[%emt 0:00:00]} 56. Ke1 {[%emt 0:00:01]} Nc3 {[%emt 0:00:00]} 57. Kd2 {[%emt 0:00:00]} Nxb5 {[%emt 0:00:01]} 58. Kc2 {[%emt 0:00:00]} Nd6 {[%emt 0:00:00]} 59. Kd2 {[%emt 0:00:00]} b5 {[%emt 0:00:00]} 60. Ke2 {[%emt 0:00:00]} Nc4 {[%emt 0:00:00]} 61. Kf2 {[%emt 0:00:00]} Kc3 {[%emt 0:00:01]} 62. Bc2 {[%emt 0:00:00]} Nd2 {[%emt 0:00:00]} 63. Bb3 {[%emt 0:00:00]} b4 {[%emt 0:00:00]} 64. Bf7 {[%emt 0:00:01]} Nc4 {[%emt 0:00:00]} 65. Bg8 {[%emt 0:00:00]} b3 {[%emt 0:00:01]} 66. Kg1 {[%emt 0:00:00]} b2 {[%emt 0:00:01]} 67. Kh2 {[%emt 0:00:00]} b1=Q {[%emt 0:00:00]} 68. Bxc4 {[%emt 0:00:00]} Qxa2+ {[%emt 0:00:00]} 69. Kh1 {[%emt 0:00:01]} Kb2 {[%emt 0:00:00]} 70. Bf1 {[%emt 0:00:00]} Qa1 {[%emt 0:00:01]} 0-1

[Event "181st Stay Safe Play From Home series"]
[Site "T#646401Emanuel Laske"]
[Date "2020.05.28"]
[Round "2"]
[White "Little champs"]
[Black "VotaryRoma"]
[Result "0-1"]
[WhiteElo "2217"]
[BlackElo "1678"]
[PlyCount "76"]
[EventDate "2020.05.28"]
[EventType "swiss (blitz)"]

1. d4 {[%emt 0:00:02]} Nf6 {[%emt 0:00:03]} 2. e3 {[%emt 0:00:01]} g6 {[%emt 0:00:00]} 3. Nf3 {[%emt 0:00:00]} Bg7 {[%emt 0:00:00]} 4. Be2 {[%emt 0:00:00]} O-O {[%emt 0:00:00]} 5. O-O {[%emt 0:00:00]} d6 {[%emt 0:00:00]} 6. c4 {[%emt 0:00:00]} c5 {[%emt 0:00:00]} 7. Nc3 {[%emt 0:00:00]} cxd4 {[%emt 0:00:00]} 8. exd4 {[%emt 0:00:01]} Nc6 {[%emt 0:00:00]} 9. d5 {[%emt 0:00:00]} Ne5 {[%emt 0:00:00]} 10. Nxe5 {[%emt 0:00:00]} dxe5 {[%emt 0:00:00]} 11. Qc2 {[%emt 0:00:01]} b6 {[%emt 0:00:00]} 12. Rd1 {[%emt 0:00:00]} Bf5 {[%emt 0:00:01]} 13. Bf3 {[%emt 0:00:00]} Bxc2 {[%emt 0:00:01]} 14. Rd2 {[%emt 0:00:00]} Bf5 {[%emt 0:00:01]} 15. b3 {[%emt 0:00:00]} e4 {[%emt 0:00:00]} 16. Be2 {[%emt 0:00:01]} Ng4 {[%emt 0:00:01]} 17. Bb2 {[%emt 0:00:01]} e3 {[%emt 0:00:01]} 18. fxe3 {[%emt 0:00:01]} Nxe3 {[%emt 0:00:00]} 19. Bf3 {[%emt 0:00:02]} Bg4 {[%emt 0:00:02]} 20. Re1 {[%emt 0:00:02]} Bxf3 {[%emt 0:00:01]} 21. Rxe3 {[%emt 0:00:01]} Bg4 {[%emt 0:00:01]} 22. Rf2 {[%emt 0:00:03] Little champs offers a draw} Bd4 {[%emt 0:00:03]} 23. Nd1 {[%emt 0:00:11]} Bxe3 {[%emt 0:00:01]} 24. Nxe3 {[%emt 0:00:01]} Qd7 {[%emt 0:00:01]} 25. h3 {[%emt 0:00:01]} Bh5 {[%emt 0:00:01]} 26. g4 {[%emt 0:00:01]} e6 {[%emt 0:00:00]} 27. gxh5 {[%emt 0:00:01]} exd5 {[%emt 0:00:02]} 28. Ng4 {[%emt 0:00:00]} f6 {[%emt 0:00:04]} 29. hxg6 {[%emt 0:00:03]} hxg6 {[%emt 0:00:01]} 30. Bxf6 {[%emt 0:00:02]} Rae8 {[%emt 0:00:04]} 31. Kh2 {[%emt 0:00:03]} Qd6+ {[%emt 0:00:01]} 32. Kg2 {[%emt 0:00:01]} d4 {[%emt 0:00:01]} 33. h4 {[%emt 0:00:01]} d3 {[%emt 0:00:01]} 34. Nh6+ {[%emt 0:00:01]} Kh7 {[%emt 0:00:01]} 35. Ng4 {[%emt 0:00:00]} d2 {[%emt 0:00:01]} 36. Ne3 {[%emt 0:00:02]} Rxe3 {[%emt 0:00:02]} 37. Bg5 {[%emt 0:00:01]} Rxf2+ {[%emt 0:00:00]} 38. Kxf2 {[%emt 0:00:01]} Qg3+ {[%emt 0:00:00] Little champs resigns (Lag: Av=0.72s, max=1.4s)} 0-1

[Event "181st Stay Safe Play From Home series"]
[Site "T#646401Emanuel Laske"]
[Date "2020.05.28"]
[Round "2"]
[White "Weltszmerc"]
[Black "SoulofWolf"]
[Result "1/2-1/2"]
[WhiteElo "1999"]
[BlackElo "2146"]
[PlyCount "63"]
[EventDate "2020.05.28"]
[EventType "swiss (blitz)"]

1. d4 {[%emt 0:00:03]} c5 {[%emt 0:00:00]} 2. d5 {[%emt 0:00:01]} e6 {[%emt 0:00:00]} 3. c4 {[%emt 0:00:00]} Nf6 {[%emt 0:00:00]} 4. Nc3 {[%emt 0:00:01]} h6 {[%emt 0:00:01]} 5. e4 {[%emt 0:00:00]} exd5 {[%emt 0:00:02]} 6. e5 {[%emt 0:00:00]} d4 {[%emt 0:00:03]} 7. exf6 {[%emt 0:00:01]} d3 {[%emt 0:00:01]} 8. fxg7 {[%emt 0:00:02]} Bxg7 {[%emt 0:00:01]} 9. Qxd3 {[%emt 0:00:01]} O-O {[%emt 0:00:04]} 10. Be3 {[%emt 0:00:01]} Re8 {[%emt 0:00:00]} 11. Nge2 {[%emt 0:00:02]} Nc6 {[%emt 0:00:00]} 12. a3 {[%emt 0:00:01]} Ne5 {[%emt 0:00:01]} 13. Qd5 {[%emt 0:00:01]} d6 {[%emt 0:00:02]} 14. Rd1 {[%emt 0:00:03]} Be6 {[%emt 0:00:00]} 15. Qxd6 {[%emt 0:00:01]} Qa5 {[%emt 0:00:01]} 16. Qxc5 {[%emt 0:00:02]} Qa6 {[%emt 0:00:01]} 17. Qb5 {[%emt 0:00:01]} Bxc4 {[%emt 0:00:04]} 18. Qxa6 {[%emt 0:00:02]} Bxa6 {[%emt 0:00:00]} 19. h3 {[%emt 0:00:01]} Nc4 {[%emt 0:00:01]} 20. Bd4 {[%emt 0:00:03]} Nxb2 {[%emt 0:00:04]} 21. Rd2 {[%emt 0:00:01]} Nc4 {[%emt 0:00:01]} 22. Rd1 {[%emt 0:00:01]} Nb2 {[%emt 0:00:01]} 23. Rd2 {[%emt 0:00:01]} Nc4 {[%emt 0:00:01]} 24. Rd1 {[%emt 0:00:00]} f6 {[%emt 0:00:09]} 25. g4 {[%emt 0:00:03]} Nb2 {[%emt 0:00:01]} 26. Rd2 {[%emt 0:00:01]} Nc4 {[%emt 0:00:02]} 27. Rd1 {[%emt 0:00:01]} Rad8 {[%emt 0:00:01]} 28. Bg2 {[%emt 0:00:03]} Nb2 {[%emt 0:00:01]} 29. Rd2 {[%emt 0:00:01]} Nc4 {[%emt 0:00:01]} 30. Rd1 {[%emt 0:00:01]} Nb2 {[%emt 0:00:02]} 31. Rd2 {[%emt 0:00:01]} Nc4 {[%emt 0:00:03]} 32. Rd1 {[%emt 0:00:01] (Lag: Av=0.51s, max=0.8s)} 1/2-1/2

[Event "181st Stay Safe Play From Home series"]
[Site "T#646401Emanuel Laske"]
[Date "2020.05.28"]
[Round "2"]
[White "Tunca"]
[Black "Majstor-resa"]
[Result "0-1"]
[WhiteElo "1833"]
[BlackElo "1635"]
[Annotator "NA"]
[PlyCount "72"]
[EventDate "2020.05.28"]
[EventType "swiss (blitz)"]

1. e4 {[%emt 0:00:01]} d5 {[%emt 0:00:00]} 2. exd5 {[%emt 0:00:01]} Qxd5 {[%emt 0:00:01]} 3. Nc3 {[%emt 0:00:01]} Qa5 {[%emt 0:00:01]} 4. Nf3 {[%emt 0:00:02]} Nf6 {[%emt 0:00:00]} 5. d4 {[%emt 0:00:03]} Bg4 {[%emt 0:00:00]} 6. Be2 {[%emt 0:00:02]} Nc6 {[%emt 0:00:01]} 7. Bd2 {[%emt 0:00:03]} O-O-O {[%emt 0:00:02]} 8. Ne4 {[%emt 0:00:05]} Qb6 {[%emt 0:00:02]} 9. Nxf6 {[%emt 0:00:01]} gxf6 {[%emt 0:00:01]} 10. c3 {[%emt 0:00:02]} e5 {[%emt 0:00:02]} 11. dxe5 {[%emt 0:00:09]} fxe5 {[%emt 0:00:01]} 12. Qc2 {[%emt 0:00:01]} Bc5 {[%emt 0:00:05]} 13. O-O {[%emt 0:00:02]} Rhg8 {[%emt 0:00:02]} 14. b4 {[%emt 0:00:06]} Bd6 {[%emt 0:00:02]} 15. Be3 {[%emt 0:00:01]} Nd4 {[%emt 0:00:07]} 16. cxd4 {[%emt 0:00:01]} exd4 {[%emt 0:00:01]} 17. Bxd4 {[%emt 0:00:00]} Qxb4 {[%emt 0:00:03]} 18. Rab1 {[%emt 0:00:00]} Qa3 {[%emt 0:00:04]} 19. Rb3 {[%emt 0:00:03]} Qa4 {[%emt 0:00:01]} 20. Rfb1 {[%emt 0:00:02]} Bxf3 {[%emt 0:00:02]} 21. Bxf3 {[%emt 0:00:01]} Qxd4 {[%emt 0:00:01]} 22. Bxb7+ {[%emt 0:00:02]} Kd7 {[%emt 0:00:01]} 23. Bc6+ {[%emt 0:00:01]} Ke7 {[%emt 0:00:01]} 24. Re1+ {[%emt 0:00:02]} Kf8 {[%emt 0:00:01]} 25. Qxh7 {[%emt 0:00:02]} Qg4 {[%emt 0:00:02]} 26. Rg3 {[%emt 0:00:01]} Bxg3 {[%emt 0:00:02]} 27. hxg3 {[%emt 0:00:01]} Qg6 {[%emt 0:00:01]} 28. Qh4 {[%emt 0:00:01]} Qxc6 {[%emt 0:00:01]} 29. Qb4+ {[%emt 0:00:00]} Qd6 {[%emt 0:00:02]} 30. Qh4 {[%emt 0:00:01]} Qc6 {[%emt 0:00:02]} 31. Qa4 {[%emt 0:00:00]} Qxa4 {[%emt 0:00:02]} 32. Re8+ {[%emt 0:00:02]} Rxe8 {[%emt 0:00:02]} 33. Kh2 {[%emt 0:00:00]} Re2 {[%emt 0:00:01]} 34. g4 {[%emt 0:00:00]} Rxf2 {[%emt 0:00:00]} 35. Kg3 {[%emt 0:00:00]} Qxg4+ {[%emt 0:00:01]} 36. Kh2 {[%emt 0:00:01]} Qxg2# {[%emt 0:00:00] (Lag: Av=0.34s, max=0.5s)} 0-1

[Event "181st Stay Safe Play From Home series"]
[Site "T#646401Emanuel Laske"]
[Date "2020.05.28"]
[Round "2"]
[White "Emresenar"]
[Black "Castlingarrocco"]
[Result "1-0"]
[WhiteElo "1730"]
[BlackElo "1951"]
[Annotator "NA"]
[PlyCount "107"]
[EventDate "2020.05.28"]
[EventType "swiss (blitz)"]

1. e4 {[%emt 0:00:01]} a6 {[%emt 0:00:02]} 2. Nf3 {[%emt 0:00:01]} b5 {[%emt 0:00:00]} 3. c4 {[%emt 0:00:02]} Bb7 {[%emt 0:00:00]} 4. cxb5 {[%emt 0:00:01]} axb5 {[%emt 0:00:01]} 5. Bxb5 {[%emt 0:00:00]} e6 {[%emt 0:00:00]} 6. d3 {[%emt 0:00:02]} Nf6 {[%emt 0:00:00]} 7. Nc3 {[%emt 0:00:02]} Be7 {[%emt 0:00:00]} 8. Bg5 {[%emt 0:00:01]} c6 {[%emt 0:00:01]} 9. Bc4 {[%emt 0:00:01]} d5 {[%emt 0:00:01]} 10. exd5 {[%emt 0:00:00]} cxd5 {[%emt 0:00:00]} 11. Bb5+ {[%emt 0:00:00]} Nfd7 {[%emt 0:00:01]} 12. Bxe7 {[%emt 0:00:01]} Qxe7 {[%emt 0:00:00]} 13. Ne5 {[%emt 0:00:01]} O-O {[%emt 0:00:04]} 14. Nxd7 {[%emt 0:00:01]} Nxd7 {[%emt 0:00:00]} 15. Bxd7 {[%emt 0:00:01]} Qxd7 {[%emt 0:00:01]} 16. O-O {[%emt 0:00:00]} d4 {[%emt 0:00:00]} 17. Ne4 {[%emt 0:00:02]} f5 {[%emt 0:00:01]} 18. Nc5 {[%emt 0:00:01]} Qc6 {[%emt 0:00:01]} 19. Nxb7 {[%emt 0:00:01]} Qxb7 {[%emt 0:00:00]} 20. Qe2 {[%emt 0:00:03]} Rae8 {[%emt 0:00:02]} 21. Rfe1 {[%emt 0:00:01]} e5 {[%emt 0:00:01]} 22. f3 {[%emt 0:00:02]} Qd5 {[%emt 0:00:01]} 23. b4 {[%emt 0:00:04]} Rb8 {[%emt 0:00:02]} 24. a3 {[%emt 0:00:01]} Rbc8 {[%emt 0:00:01]} 25. Qa2 {[%emt 0:00:01]} Qxa2 {[%emt 0:00:03]} 26. Rxa2 {[%emt 0:00:00]} Rc3 {[%emt 0:00:01]} 27. Rd1 {[%emt 0:00:01]} e4 {[%emt 0:00:02]} 28. dxe4 {[%emt 0:00:02]} fxe4 {[%emt 0:00:00]} 29. fxe4 {[%emt 0:00:02]} Rd8 {[%emt 0:00:01]} 30. Rad2 {[%emt 0:00:03]} d3 {[%emt 0:00:01]} 31. a4 {[%emt 0:00:01]} Rc4 {[%emt 0:00:01]} 32. Rxd3 {[%emt 0:00:01]} Rxd3 {[%emt 0:00:01]} 33. Rxd3 {[%emt 0:00:00]} Rxb4 {[%emt 0:00:01]} 34. Ra3 {[%emt 0:00:03]} Rxe4 {[%emt 0:00:01]} 35. a5 {[%emt 0:00:01]} Re7 {[%emt 0:00:00]} 36. Kf2 {[%emt 0:00:01]} Ra7 {[%emt 0:00:00]} 37. Ke3 {[%emt 0:00:00]} Kf7 {[%emt 0:00:00]} 38. Kd4 {[%emt 0:00:00]} Ke6 {[%emt 0:00:00]} 39. Kc5 {[%emt 0:00:00]} Kd7 {[%emt 0:00:01]} 40. Kb6 {[%emt 0:00:00]} Ra8 {[%emt 0:00:01]} 41. Kb7 {[%emt 0:00:01]} Re8 {[%emt 0:00:02]} 42. a6 {[%emt 0:00:01]} Kd6 {[%emt 0:00:00]} 43. a7 {[%emt 0:00:02]} Re7+ {[%emt 0:00:00]} 44. Kb6 {[%emt 0:00:01]} Re6 {[%emt 0:00:02]} 45. a8=Q {[%emt 0:00:01]} Ke5+ {[%emt 0:00:00]} 46. Kc5 {[%emt 0:00:01]} Kf6 {[%emt 0:00:01]} 47. Rf3+ {[%emt 0:00:01]} Ke7 {[%emt 0:00:01]} 48. Qb7+ {[%emt 0:00:01]} Ke8 {[%emt 0:00:01]} 49. Qc8+ {[%emt 0:00:01]} Ke7 {[%emt 0:00:01]} 50. Qc7+ {[%emt 0:00:01]} Ke8 {[%emt 0:00:01]} 51. Rf7 {[%emt 0:00:00]} Re5+ {[%emt 0:00:01]} 52. Kd6 {[%emt 0:00:01]} Rd5+ {[%emt 0:00:03]} 53. Kxd5 {[%emt 0:00:01]} g6 {[%emt 0:00:01]} 54. Qd7# {[%emt 0:00:01] (Lag: Av=0.57s, max=1.0s)} 1-0

[Event "181st Stay Safe Play From Home series"]
[Site "T#646401Emanuel Laske"]
[Date "2020.05.28"]
[Round "2"]
[White "Tobo Rubirosa"]
[Black "The Next Contender"]
[Result "0-1"]
[WhiteElo "1470"]
[BlackElo "1992"]
[Annotator "NA"]
[PlyCount "46"]
[EventDate "2020.05.28"]
[EventType "swiss (blitz)"]

1. Nf3 {[%emt 0:00:03]} d5 {[%emt 0:00:00]} 2. d4 {[%emt 0:00:01]} c5 {[%emt 0:00:00]} 3. g3 {[%emt 0:00:03]} e6 {[%emt 0:00:01]} 4. Bg2 {[%emt 0:00:01]} Nf6 {[%emt 0:00:00]} 5. O-O {[%emt 0:00:01]} cxd4 {[%emt 0:00:01]} 6. Nxd4 {[%emt 0:00:02]} Bc5 {[%emt 0:00:01]} 7. c4 {[%emt 0:00:01]} O-O {[%emt 0:00:01]} 8. Nc3 {[%emt 0:00:02]} dxc4 {[%emt 0:00:01]} 9. Nf3 {[%emt 0:00:05]} Qc7 {[%emt 0:00:02]} 10. Bf4 {[%emt 0:00:04]} Qd8 {[%emt 0:00:03]} 11. Qa4 {[%emt 0:00:03]} Nc6 {[%emt 0:00:04]} 12. Qxc4 {[%emt 0:00:01]} Bb6 {[%emt 0:00:01]} 13. Rad1 {[%emt 0:00:02]} Qe7 {[%emt 0:00:01]} 14. Bd6 {[%emt 0:00:03]} Qe8 {[%emt 0:00:01] Tobo Rubirosa ofrece tablas} 15. Bxf8 {[%emt 0:00:03]} Qxf8 {[%emt 0:00:00]} 16. Ne4 {[%emt 0:00:03]} Nxe4 {[%emt 0:00:01]} 17. Qxe4 {[%emt 0:00:01]} Bc7 {[%emt 0:00:01]} 18. Ng5 {[%emt 0:00:01]} g6 {[%emt 0:00:01]} 19. Qh4 {[%emt 0:00:03]} h6 {[%emt 0:00:01]} 20. Ne4 {[%emt 0:00:03]} Ne5 {[%emt 0:00:01]} 21. Nf6+ {[%emt 0:00:02]} Kg7 {[%emt 0:00:01]} 22. Be4 {[%emt 0:00:01]} Bd8 {[%emt 0:00:03]} 23. Bxg6 {[%emt 0:00:02]} Bxf6 {[%emt 0:00:02] Tiempo (Lag: Av=0.80s, max=1.2s)} 0-1

[Event "181st Stay Safe Play From Home series"]
[Site "T#646401Emanuel Laske"]
[Date "2020.05.28"]
[Round "3"]
[White "Lamborghini"]
[Black "Broken sword"]
[Result "0-1"]
[WhiteElo "2216"]
[BlackElo "2486"]
[PlyCount "104"]
[EventDate "2020.05.28"]
[EventType "swiss (blitz)"]

1. e4 {[%emt 0:00:02]} e6 {[%emt 0:00:01]} 2. d4 {[%emt 0:00:01]} d5 {[%emt 0:00:00]} 3. Nc3 {[%emt 0:00:01]} dxe4 {[%emt 0:00:01]} 4. Nxe4 {[%emt 0:00:01]} Nd7 {[%emt 0:00:00]} 5. Nf3 {[%emt 0:00:01]} Ngf6 {[%emt 0:00:00]} 6. Bd3 {[%emt 0:00:01]} Nxe4 {[%emt 0:00:00]} 7. Bxe4 {[%emt 0:00:01]} Nf6 {[%emt 0:00:00]} 8. Bg5 {[%emt 0:00:01]} Be7 {[%emt 0:00:00]} 9. Bxf6 {[%emt 0:00:01]} Bxf6 {[%emt 0:00:00]} 10. Qd3 {[%emt 0:00:01]} g6 {[%emt 0:00:01]} 11. O-O-O {[%emt 0:00:01]} O-O {[%emt 0:00:02]} 12. Ne5 {[%emt 0:00:01]} Bxe5 {[%emt 0:00:01]} 13. dxe5 {[%emt 0:00:01]} Qxd3 {[%emt 0:00:01]} 14. Rxd3 {[%emt 0:00:01]} Re8 {[%emt 0:00:01]} 15. Rhd1 {[%emt 0:00:01]} Rb8 {[%emt 0:00:00]} 16. f4 {[%emt 0:00:01]} Kf8 {[%emt 0:00:01]} 17. h4 {[%emt 0:00:01]} Ke7 {[%emt 0:00:00]} 18. b4 {[%emt 0:00:01]} a6 {[%emt 0:00:01]} 19. c4 {[%emt 0:00:02]} b6 {[%emt 0:00:00]} 20. Bc6 {[%emt 0:00:01]} Rf8 {[%emt 0:00:01]} 21. Kb2 {[%emt 0:00:01]} f6 {[%emt 0:00:01]} 22. exf6+ {[%emt 0:00:01]} Kxf6 {[%emt 0:00:00]} 23. g3 {[%emt 0:00:00]} Ke7 {[%emt 0:00:01]} 24. Kc3 {[%emt 0:00:01]} b5 {[%emt 0:00:02]} 25. c5 {[%emt 0:00:01]} Kf6 {[%emt 0:00:02]} 26. Rd8 {[%emt 0:00:03]} Ke7 {[%emt 0:00:01]} 27. Rxf8 {[%emt 0:00:02]} Kxf8 {[%emt 0:00:00]} 28. Rd8+ {[%emt 0:00:01]} Ke7 {[%emt 0:00:00]} 29. Rh8 {[%emt 0:00:01]} e5 {[%emt 0:00:01]} 30. fxe5 {[%emt 0:00:01]} Ke6 {[%emt 0:00:01]} 31. Kd4 {[%emt 0:00:01]} h6 {[%emt 0:00:01]} 32. Bd5+ {[%emt 0:00:01]} Ke7 {[%emt 0:00:01]} 33. Rh7+ {[%emt 0:00:01]} Kf8 {[%emt 0:00:01]} 34. Rxh6 {[%emt 0:00:01]} Kg7 {[%emt 0:00:00]} 35. Rxg6+ {[%emt 0:00:02]} Kxg6 {[%emt 0:00:01]} 36. e6 {[%emt 0:00:00]} Kf6 {[%emt 0:00:00]} 37. g4 {[%emt 0:00:01]} Bxe6 {[%emt 0:00:00]} 38. g5+ {[%emt 0:00:00]} Ke7 {[%emt 0:00:01]} 39. Bc6 {[%emt 0:00:01]} Rd8+ {[%emt 0:00:01]} 40. Ke5 {[%emt 0:00:00]} Rd2 {[%emt 0:00:02]} 41. Be4 {[%emt 0:00:00]} Rh2 {[%emt 0:00:02]} 42. h5 {[%emt 0:00:00]} Rxh5 {[%emt 0:00:01]} 43. Kf4 {[%emt 0:00:02]} Rh2 {[%emt 0:00:01]} 44. a3 {[%emt 0:00:00]} Rh3 {[%emt 0:00:01]} 45. g6 {[%emt 0:00:00]} Rxa3 {[%emt 0:00:01]} 46. Ke5 {[%emt 0:00:00]} Re3 {[%emt 0:00:01]} 47. g7 {[%emt 0:00:00]} Rg3 {[%emt 0:00:02]} 48. Kd4 {[%emt 0:00:00]} Rxg7 {[%emt 0:00:01]} 49. Bd5 {[%emt 0:00:00]} Rg4+ {[%emt 0:00:01]} 50. Ke5 {[%emt 0:00:00]} Rg5+ {[%emt 0:00:01]} 51. Kf4 {[%emt 0:00:01]} Rxd5 {[%emt 0:00:01]} 52. c6 {[%emt 0:00:00]} Rd4+ {[%emt 0:00:01] Lamborghini gibt auf (Lag: Av=0.48s, max=1.1s)} 0-1

[Event "181st Stay Safe Play From Home series"]
[Site "T#646401Emanuel Laske"]
[Date "2020.05.28"]
[Round "3"]
[White "SoulofWolf"]
[Black "Trotsky"]
[Result "1-0"]
[WhiteElo "2140"]
[BlackElo "1565"]
[PlyCount "51"]
[EventDate "2020.05.28"]
[EventType "swiss (blitz)"]

1. e3 {[%emt 0:00:01]} d5 {[%emt 0:00:01]} 2. Nf3 {[%emt 0:00:01]} e6 {[%emt 0:00:00]} 3. c4 {[%emt 0:00:00]} c5 {[%emt 0:00:01]} 4. cxd5 {[%emt 0:00:01]} exd5 {[%emt 0:00:01]} 5. d4 {[%emt 0:00:00]} Be6 {[%emt 0:00:01]} 6. Be2 {[%emt 0:00:01]} Nc6 {[%emt 0:00:01]} 7. O-O {[%emt 0:00:00]} Nf6 {[%emt 0:00:01]} 8. Nbd2 {[%emt 0:00:00]} Qc7 {[%emt 0:00:00]} 9. b3 {[%emt 0:00:00]} Bd6 {[%emt 0:00:03]} 10. Bb2 {[%emt 0:00:00]} Ng4 {[%emt 0:00:01]} 11. Rc1 {[%emt 0:00:02]} h5 {[%emt 0:00:01]} 12. dxc5 {[%emt 0:00:01]} Bxh2+ {[%emt 0:00:02]} 13. Kh1 {[%emt 0:00:02]} O-O-O {[%emt 0:00:01]} 14. b4 {[%emt 0:00:02]} Be5 {[%emt 0:00:10]} 15. Qb3 {[%emt 0:00:08]} Bxb2 {[%emt 0:00:03]} 16. Qxb2 {[%emt 0:00:01]} Nce5 {[%emt 0:00:01]} 17. b5 {[%emt 0:00:02]} Nxf3 {[%emt 0:00:01]} 18. Nxf3 {[%emt 0:00:00]} d4 {[%emt 0:00:02]} 19. b6 {[%emt 0:00:01]} Qb8 {[%emt 0:00:01]} 20. c6 {[%emt 0:00:02]} a6 {[%emt 0:00:13]} 21. Bxa6 {[%emt 0:00:08]} Bd5 {[%emt 0:00:08]} 22. Bxb7+ {[%emt 0:00:03]} Qxb7 {[%emt 0:00:02]} 23. cxb7+ {[%emt 0:00:00]} Kxb7 {[%emt 0:00:01]} 24. Qa3 {[%emt 0:00:06] .} Ra8 {[%emt 0:00:02]} 25. Qc5 {[%emt 0:00:01]} Bc6 {[%emt 0:00:02]} 26. Nxd4 {[%emt 0:00:02] Âðåìÿ (Lag: Av=0.31s, max=0.6s)} 1-0